Propuesta de desarrollo del lenguaje oral y escrito para alumnos de escuelas de sectores pobres

Salvato in:
Dettagli Bibliografici
Autore principale: Condemarín Grimberg, Mabel (Autore)
Natura: Libro
Lingua:spagnolo
Pubblicazione: Santiago CPU 1991
Serie:Documento de trabajo, 21
Soggetti:
Tags: Aggiungi Tag
Nessun Tag, puoi essere il primo ad aggiungerne!!

MARC

LEADER 00000nam a2200000 a 4500
001 UCY0726
003 CL-VaPUC
008 940811e19910000CL |||||||||||||||||spa|d
082 0 4 |a 372.63  |b CON  |2 21 
100 0 |a Condemarín Grimberg, Mabel  |e author  |9 328536 
245 1 0 |a Propuesta de desarrollo del lenguaje oral y escrito para alumnos de escuelas de sectores pobres 
300 |a 43 p 
942 |c BK 
945 |d 19940811 00:00:00  |a rbrito 
260 |a Santiago  |b CPU  |c 1991 
650 0 |a Desarrollo del lenguaje   |9 311270 
650 0 |a Educación básica   |9 224933 
583 |a last modification  |c 19940811 00:00:00  |k Rodrigo Vera 
490 0 |a Documento de trabajo, 21 
999 |c 229653  |d 229651 
952 |0 0  |1 0  |4 0  |6 372_630000000000000_CON_1991  |7 0  |8 P  |9 231067  |a BIBEDU  |b BIBEDU  |c BIBEDU_PB  |d 2019-11-15  |i 3001660  |o 372.63 CON 1991  |p 3001660  |r 2024-01-25  |w 2019-11-15  |y BK  |k EDU